Enciclopedia de la Biblia

Guardat en:
Dades bibliogràfiques
Format: Llibre
Idioma:espanyol
Publicat: Pamplona Verbo Divino 1983
Madrid Paulinas 1983
Edició:1a. ed
Col·lecció:Colección Manuales. Nueva Imagen, 1
Matèries:
Etiquetes: Afegir etiqueta
Sense etiquetes, Sigues el primer a etiquetar aquest registre!

MARC

LEADER 00000cam a2200000 a 4500
001 UCL4213
003 CL-VaPUC
008 040109e19830000SP |||||||||||||||||spa|d
020 |a 847151351X 
082 0 4 |a 220.3  |b ENC  |2 21 
245 1 0 |a Enciclopedia de la Biblia 
250 |a 1a. ed 
300 |a 326 p 
942 |c BK 
945 |d 20040109 00:00:00  |a vberengu 
260 |a Pamplona  |b Verbo Divino  |c 1983 
260 |a Madrid  |b Paulinas  |c 1983 
650 0 |a Biblia  |9 257603 
650 0 |a Enciclopedias  |9 264135 
650 0 |a Teología   |9 258766 
650 0 |a Textos sagrados   |9 257605 
583 |a last modification  |c 20140630 09:07:14  |k Rodrigo Vera 
490 0 |a Colección Manuales. Nueva Imagen, 1 
999 |c 307095  |d 307093 
952 |0 0  |1 0  |4 0  |6 220_300000000000000_ENC_1983_1983  |7 0  |8 F  |9 372594  |a BIBTEO  |b BIBTEO  |d 2019-11-21  |i 209892K  |o 220.3 ENC 1983 1983  |p 209892K  |r 2025-01-17  |w 2019-11-21  |y BK_F  |k ICR 
952 |0 0  |1 0  |3 erd  |4 0  |6 220_300000000000000_ENC_1983_1983  |7 0  |8 F  |9 372595  |a BIBTEO  |b BIBTEO  |i 5085330  |o 220.3 ENC 1983 1983  |p 5085330  |r 2025-01-17  |w 2019-11-21  |y BK_F  |z Catalogado en:20140703  |k ICR